LEADER 01119nam a2200241 i 4500 001 000000047146 003 CaOOAMICUS 005 20120229000000.0 008 120229s1958 it u000 u ita u 013 $a18316 040 $aSeMil$bita 100 1 $aRussotto, Gabriele .$0(OLS)http://semarc/name/4820 245 10$aSpiritualitą ospedaliera /$cP. Gabriele Russotto O. H. ; Con presentazione del Rev.mo P. Paolo Philippe O.P. 260 $aRoma :$bUfficio Studi ed Aggiornamenti dei Fatebenefratelli,$ccopyr. 1958. 300 $a290 p. ;$c22 cm. 500 $aContiene : Bibliografia della spiritualitą dell'Ordine. 650 4$aAssistenza sanitaria.$0(OLS)http://semarc/subject/8990 650 4$aSpiritualitą.$0(OLS)http://semarc/subject/5428 700 1 $aPhilippe, Paul,$c.$0(OLS)http://semarc/name/23296 850 $aSeMil 852 $aSeMil$W1$xVenegono$y1$m2C III 211$j13301$B13301$CSeMilBibl$Z2$F13301 $81 996 $6245$aSpiritualitą ospedaliera$9(OLS)http://semarc/title/70888 996 $6260$aRoma :$bUfficio Studi ed Aggiornamenti dei Fatebenefratelli$9(OLS)http://semarc/publisher/40876 LEADER 01071nam a2200277 i 4500 001 000000105862 003 CaOOAMICUS 005 20030916000000.0 008 030916s1997 it u000 u ita u 013 $a78056 020 $a88-8227-002-5 040 $aSeMil$bita 100 1 $aAngelini, Giuseppe,$c.$0(OLS)http://semarc/name/1093 245 13$aLe ragioni della scelta /$cGiuseppe Angelini. 260 $aMagnano :$bQiqajon,$c1997. 300 $a84 p. ;$c17 cm. 490 0 $aSympathetika 650 4$aDiscernimento spirituale.$0(OLS)http://semarc/subject/1384 650 4$aDecisione.$0(OLS)http://semarc/subject/11320 830 0$aSympathetika.$0(OLS)http://semarc/title/8360 850 $aSeMil 852 $aSeMil$W1$xVenegono$y1$m3F II 295$j62017$B62017$CSeMilBibl$Z2$F101045 $81 961 $aOmaggio: Fumagalli don Aristide 996 $6020$a88-8227-002-5$9(OLS)http://semarc/number/86142 996 $6245$aLe ragioni della scelta$9(OLS)http://semarc/title/153346 996 $6260$aMagnano :$bQiqajon$9(OLS)http://semarc/publisher/32326